| 000 | 00608nam a2200181Ia 4500 | ||
|---|---|---|---|
| 008 | 151202s9999||||xx |||||||||||||| ||und|| | ||
| 082 | _bPNVM-124371 | ||
| 100 | _aMISTRY ROHINTON. | ||
| 245 | _aFINE BALANCE the story of four unlikely people whose livescome together. | ||
| 260 | _bFABER AND FABER LONDON. | ||
| 260 | _c2000 | ||
| 300 | _a752 | ||
| 600 | _aMISTRY ROHINTON. | ||
| 630 | _aFINE BALANCE the story of four unlikely people whose livescome together. | ||
| 700 | _aMISTRY ROHINTON. | ||
| 730 | _aFINE BALANCE the story of four unlikely people whose livescome together. | ||
| 942 | _cBOOK | ||
| 999 |
_c1354499 _d1354496 |
||